| 000 | 00869nam a2200241 a 4500 | ||
|---|---|---|---|
| 999 |
_c12106 _d12106 |
||
| 001 | 12106 | ||
| 003 | BD-JhCC | ||
| 005 | 20220804134024.0 | ||
| 008 | 210315s2018 bg |||| |||| 000 0 ben d | ||
| 020 | _a97898483834106 | ||
| 035 | _a(BD-JhCC)12106 | ||
| 040 |
_aBD-JhCC _dBD-JhCC |
||
| 041 | _aben | ||
| 082 |
_a813.54 _bASI 2018 |
||
| 100 | _aআজিমভ, আইজ্যাক | ||
| 245 |
_aদ্য গডস দেমসেলভস : _bক্লাসিক সায়েন্স ফিকশন / _cআইজ্যাক আজিমভ অনু. অনীশ দাস অপু |
||
| 260 |
_aঢাকা : _b সৃজনী, _c২০১৮. |
||
| 300 |
_a১৫৯ পৃ. : _c২১ সেমি. |
||
| 650 |
_aScience fiction, _zAmerican |
||
| 650 | _aSpace colonies | ||
| 700 | _aঅপু, অনীশ দাস | ||
| 942 |
_2ddc _cBK _01 |
||